All US Area Codes - Statistics

General Stats
  • This quiz has been taken 36 times
    34 since last reset
  • The average score is 9 of 50
Answer Stats
State NPA(s) % Correct
Alabama 205, 251, 256, 334, 659, 938
33%
Delaware 302
29%
New Hampshire 603
29%
South Dakota 605
29%
Alaska 907
29%
Maine 207
24%
California 209, 213, 279, 310, 323, 341, 408, 415, 424, 442, 510, 530, 559, 562, 619, 626, 628, 650, 657, 661, 669, 707, 714, 747, 760, 805, 818, 820, 831, 858, 909, 916, 925, 949, 951
24%
Mississippi 228, 601, 662, 769
24%
Wyoming 307
24%
Rhode Island 401
24%
Montana 406
24%
Arkansas 479, 501, 870
24%
Arizona 480, 520, 602, 623, 928
24%
North Dakota 701
24%
Vermont 802
24%
Hawaii 808
24%
Washington 206, 253, 360, 425, 509, 564
19%
Idaho 208, 986
19%
Louisiana 225, 318, 337, 504, 985
19%
Georgia 229, 404, 470, 478, 678, 706, 762, 770, 912
19%
North Carolina 252, 336, 704, 743, 828, 910, 919, 980, 984
19%
Kentucky 270, 364, 502, 606, 859
19%
Colorado 303, 719, 720, 970
19%
Missouri 314, 417, 573, 636, 660, 816
19%
Tennessee 423, 615, 629, 731, 865, 901, 931
19%
Texas 210, 214, 254, 281, 325, 346, 361, 409, 430, 432, 469, 512, 682, 713, 726, 737, 806, 817, 830, 832, 903, 915, 936, 940, 956, 972, 979
14%
New York 212, 315, 332, 347, 516, 518, 585, 607, 631, 646, 680, 716, 718, 838, 845, 914, 917, 929, 934
14%
Minnesota 218, 320, 507, 612, 651, 763, 952
14%
Indiana 219, 260, 317, 463, 574, 765, 812, 930
14%
Maryland 240, 301, 410, 443, 667
14%
Wisconsin 262, 414, 534, 608, 715, 920
14%
Virginia 276, 434, 540, 571, 703, 757, 804
14%
Kansas 316, 620, 785, 913
14%
Massachusetts 339, 351, 413, 508, 617, 774, 781, 857, 978
14%
Oregon 458, 503, 541, 971
14%
New Mexico 505, 575
14%
Nevada 702, 725, 775
14%
New Jersey 201, 551, 609, 640, 732, 848, 856, 862, 908, 973
10%
Connecticut 203, 475, 860, 959
10%
Pennsylvania 215, 223, 267, 272, 412, 445, 484, 570, 610, 717, 724, 814, 878
10%
Ohio 216, 220, 234, 326, 330, 380, 419, 440, 513, 567, 614, 740, 937
10%
Illinois 217, 224, 309, 312, 331, 618, 630, 708, 773, 779, 815, 847, 872
10%
Michigan 231, 248, 269, 313, 517, 586, 616, 734, 810, 906, 947, 989
10%
Florida 239, 305, 321, 352, 386, 407, 561, 689, 727, 754, 772, 786, 813, 850, 863, 904, 941, 954
10%
West Virginia 304, 681
10%
Iowa 319, 515, 563, 641, 712
10%
Utah 385, 435, 801
10%
South Carolina 803, 839, 843, 854, 864
10%
Nebraska 308, 402, 531
5%
Oklahoma 405, 539, 580, 918
5%
No matching quizzes found
Score Distribution
Percent of People with Each Score
Percentile by Number Answered
Your Score History
You have not taken this quiz since the last reset